Normal view
MARC view
- Malik Mujahid
Entry Personal Name
001 - CONTROL NUMBER
- control field: 9764
003 - CONTROL NUMBER IDENTIFIER
- control field: NUST
005 - DATE AND TIME OF LATEST TRANSACTION
- control field: 20180124150532.0
008 - FIXED-LENGTH DATA ELEMENTS
- fixed length control field: 180124|| aca||aabn | a|a d
040 ## - CATALOGING SOURCE
- Original cataloging agency: NUST
- Transcribing agency: NUST
100 ## - HEADING--PERSONAL NAME
- Personal name: Malik Mujahid
670 ## - SOURCE DATA FOUND
- Source citation: Work cat.: (NUST)325216: Malik Mujahid, Roshni Kay Minaar, 2014
